Statistics for Vietnam First Level Subdivisions

Click here to take the quiz!

General Stats

  • This quiz has been taken 48 times
  • The average score is 21 of 63

Answer Stats

Tỉnh% Correct
Hồ Chí Minh City
73%
Hà Nội
73%
Hải Phòng
64%
Đà Nẵng
55%
Bắc Giang
45%
Hà Giang
45%
Thanh Hóa
45%
Quảng Trị
45%
Quảng Nam
45%
Phú Yên
45%
Đắk Nông
45%
Ninh Bình
36%
Lào Cai
36%
Long An
36%
Nghệ An
36%
Quảng Ngãi
36%
Phú Thọ
36%
Khánh Hòa
36%
Quảng Ninh
36%
Vĩnh Phúc
36%
Cần Thơ
36%
Lai Châu
36%
An Giang
36%
Hậu Giang
36%
Bắc Kạn
36%
Hải Dương
36%
Bạc Liêu
36%
Đắk Lắk
36%
Hà Tĩnh
36%
Bến Tre
36%
Cà Mau
36%
Thái Nguyên
27%
Sóc Trăng
27%
Thái Bình
27%
Bình Định
27%
Bình Dương
27%
Trà Vinh
27%
Vĩnh Long
27%
Yên Bái
27%
Bắc Ninh
27%
Bình Phước
27%
Bình Thuận
27%
Cao Bằng
27%
Gia Lai
27%
Quảng Bình
27%
Điện Biên
27%
Kiên Giang
27%
Đồng Nai
27%
Đồng Tháp
27%
Lâm Đồng
27%
Nam Định
27%
Hà Nam
27%
Hưng Yên
18%
Kon Tum
18%
Bà Rịa–Vũng Tàu
18%
Tiền Giang
18%
Tuyên Quang
18%
Hòa Bình
18%
Thừa Thiên–Huế
18%
Ninh Thuận
18%
Tây Ninh
18%
Sơn La
18%
Lạng Sơn
9%

Score Distribution

Percentile by Number Answered

Percent of People with Each Score

Your Score History

You have not taken this quiz